| Tag |
First Indicator |
Second Indicator |
Subfields |
| LEADER |
00000cam a22000008a 4500 |
| 001 |
in00004454352 |
| 005 |
20191202121120.0 |
| 008 |
880919s1989 iaua b 001 0 eng |
| 010 |
|
|
|a 88013739
|
| 020 |
|
|
|a 0813801478
|
| 035 |
|
|
|a (OCoLC)18561418
|
| 035 |
|
|
|z (UtOrBLW)3044
|
| 035 |
|
|
|a 4604
|
| 040 |
|
|
|a DLC
|c DLC
|d AGL
|d OCL
|d TMV
|d UtOrBLW
|
| 049 |
|
|
|a TMVM
|c 1
|
| 050 |
0 |
0 |
|a SH171
|b .F42 1989
|
| 060 |
|
4 |
|a SH 171
|b F352s 1989
|
| 070 |
0 |
|
|a SH171.F42
|b 1989
|
| 100 |
1 |
|
|a Ferguson, Hugh W.
|q (Hugh William),
|d 1949-
|
| 245 |
1 |
0 |
|a Systemic pathology of fish :
|b a text and atlas of comparative tissue responses in diseases of teleosts /
|c Hugh W. Ferguson ; contributors, Thomas W. Dukes [and others].
|
| 250 |
|
|
|a First edition.
|
| 264 |
|
1 |
|a Ames :
|b Iowa State University Press,
|c 1989.
|
| 300 |
|
|
|a ix, 263 pages :
|b illustrations ;
|c 27 cm.
|
| 336 |
|
|
|a text
|2 rdacontent
|b txt
|
| 337 |
|
|
|a unmediated
|2 rdamedia
|
| 338 |
|
|
|a volume
|2 rdacarrier
|b nc
|
| 504 |
|
|
|a Includes bibliographic references and index.
|
| 650 |
|
2 |
|a Fish Diseases
|x pathology
|v Atlases.
|
| 700 |
1 |
|
|a Dukes, Thomas W.
|
| 999 |
|
|
|a MARS
|
| 999 |
f |
f |
|s 3004ecf6-c08d-3397-b568-b08242116b2f
|i fff27f50-8a0b-386d-a368-0e53a47e034c
|t 0
|
| 952 |
f |
f |
|p preservation
|a Texas A&M University
|b J.J. Pickle Campus
|c High Density Repository
|d Remote Storage
|t 0
|e SH 171 F352s 1989
|h National Library of Medicine classification
|i unmediated -- volume
|m 3238902314866
|
| 952 |
f |
f |
|p ric
|a Texas A&M University
|b Rellis Campus
|c Joint Library Facility
|d Remote Storage
|t 0
|e SH 171 F352s 1989
|h National Library of Medicine classification
|i unmediated -- volume
|m 323890089372B
|
| 998 |
f |
f |
|a SH 171 F352s 1989
|t 0
|l Remote Storage
|
| 998 |
f |
f |
|a SH 171 F352s 1989
|t 0
|l Remote Storage
|